000 00498 a2200157 4500
003 Nust
005 20170207154118.0
040 _cNust
082 _a577
100 _aC.R.Fay
245 _aLife and Labour in the Nineteenth Century
_cC.R.Fay
260 _aCambridge
_bAt the university press
_c1945
300 _a308p;
505 _aPART-1: The International Background 1815-1830 (Page-3) PART-2: The Political Background from 1830 to the Present Day (Page-11)
538 _aAlmirah No 18. Shelf No.6
942 _2ddc
_cBK
999 _c194175
_d194175